Music Quiz

Random Music or Lyrics Quiz

'Back on the Chain Gang' Lyrics Quiz Stats

 Plays Quiz not verified by Sporcle

Score 0/183 Timer 06:00
0 Plays Today
% Correct
the
100%
the
100%
the
100%
the
100%
The
100%
the
100%
the
100%
the
100%
the
100%
the
100%
the
100%
The
100%
the
100%
the
100%
the
100%
the
100%
the
100%
a
98.2%
a
98.2%
on
98.2%
on
98.2%
chain
98.2%
gang.
98.2%
A
98.2%
a
98.2%
on
98.2%
on
98.2%
chain
98.2%
gang.
98.2%
a
98.2%
a
98.2%
a
98.2%
on
98.2%
on
98.2%
chain
98.2%
gang.
98.2%
o-o-o-oh!
97.6%
O-o-o-oh!
97.6%
back
97.6%
back
97.6%
Oh,
97.6%
back
97.6%
o-o-o-oh!
97.6%
o-o-o-oh,
97.6%
back
97.6%
Oh,
97.6%
back
97.6%
o-o-o-oh,
97.6%
o-o-o-oh,
97.6%
back
97.6%
Oh,
97.6%
back
97.6%
I
97.1%
I
97.1%
I
97.1%
I
97.1%
you,
92.4%
you.
92.4%
you,
92.4%
we
91.2%
of
89.4%
% Correct
of?
89.4%
of
89.4%
of
89.4%
of
89.4%
of
89.4%
we're
87.6%
We're
87.6%
were
87.6%
we're
87.6%
in
85.9%
in
85.9%
in
85.9%
in
85.9%
in
85.9%
in
85.9%
in
85.9%
my
84.7%
my
84.7%
my
84.7%
my
84.7%
be
81.2%
to
80.6%
to
80.6%
to
80.6%
to
80.6%
to
80.6%
picture
80%
picture
80%
Now
78.2%
Now
78.2%
day
77.1%
that
75.9%
that
75.9%
that
75.9%
that
75.9%
for
74.7%
and
74.1%
and
74.1%
do
71.8%
days
71.8%
life
71.8%
life
71.8%
Those
70.6%
me
68.8%
your
68.8%
like
68.2%
like
68.2%
like
68.2%
like
68.2%
from
67.1%
happiest
67.1%
us
65.9%
us
65.9%
us
65.9%
What
64.7%
when
64.7%
what
64.7%
our
62.9%
our
62.9%
found
61.8%
found
61.8%
% Correct
see
61.2%
heart
60%
heart.
60%
world
59.4%
world
59.4%
as
59.4%
night
57.6%
was
57.6%
out
56.5%
one
55.3%
been
52.9%
live
52.9%
done
51.2%
they've
50%
news
49.4%
I'll
49.4%
here
49.4%
part.
48.8%
part,
48.8%
lonely
48.2%
we've
47.6%
fight.
46.5%
making
46.5%
train.
45.9%
got
45.9%
train.
45.9%
train.
45.9%
But
45.3%
hell,
44.7%
control,
44.1%
past
43.5%
beyond
43.5%
circumstance
42.4%
powers
40.6%
force
40.6%
flies.
39.4%
knees
39.4%
ruin
39.4%
stand
38.8%
deep
38.2%
bring
37.6%
today
37.6%
knowing
37.6%
pigeon
36.5%
place
35.9%
eyes
35.9%
Put
35.9%
hijacked
35.3%
battle
35.3%
break
34.1%
die
32.9%
descended
31.2%
cast
30.6%
wretched
29.4%
they'll
27.6%
TV
21.2%
house
20.6%
fall
20.6%
phone,
18.2%
sand
14.1%
threw
13.5%

You're not logged in!

Compare scores with friends on all Sporcle quizzes.
OR
Log In

Sporcle TV

Today on Sporcle TV


Watch our educational content, quiz creation guides, and fun videos on Sporcle TV.

Show Comments

Extras

Created Sep 3, 2017ReportNominate
Tags:Lyrics Quiz, gang, pretender

Top Quizzes Today


Score Distribution

Your Account Isn't Verified!

In order to create a playlist on Sporcle, you need to verify the email address you used during registration. Go to your Sporcle Settings to finish the process.

Report this User

Report this user for behavior that violates our Community Guidelines.

Details: